000 00827cab a2200205 4500
001 ABS42550
008 090401t1990 xxu||||| |||| 00| 0 eng d
035 _a(Sirsi) u37553
041 _aeng
100 _aDenyer-Green, Barry P. D.
245 _aLocal Government and Housing Act 1989
260 _c1990
350 _a0
490 _aEstates Gazette
_v(9013) 31 March 1990, 22-57(3)
520 _aConsiders in detail parts 7, 8 and 9 of the Local Government and Housing Act 1989 which deal with renewal areas , renovation grants and miscellaneous topics including non-domestic rating , electronic transfer of documents and long leases . Outlines other provisions of the act covering local government organistion and finance .
650 _aUNIFORM BUSINESS RATE
690 _aLAW
942 _n0
948 _c04/03/1997
999 _c24241
_d24241